000 00846nam a2200289Ia 4500
001 Para_4812
003 CHAP
008 220125s1920 xx 000 0 und d
010 _a203253
040 _cCHAP
090 _aPA FOLLETO 2214
100 _aShamel, A. D.
_9105463
245 _aFrost protection in lemon orchards /
_c by A. D. Shamel, L. B. Scott, and C. S. Pomeroy
260 _aWashington :
_b Department of Agriculture
300 _a30 p.
440 _aEUA. Dep. of Agri. Bull.; 821
_9168940
650 _aHeladas
_x Efecto en plantas Limón
_9168941
700 _aPomeroy, C. S.
_990753
700 _aScott, L. B.
_9103393
901 _aPA FOLLETO 2214
902 _aA
905 _a0000001920 WAS 0000000000 00
910 _a1920
942 _cPARA
942 _cPARA
_d1
999 _c203253
_d203253